25 cuentos argentinos magistrales (historia y evolución comentada del cuento argentino) /
Guardado en:
| Autor Principal: | |
|---|---|
| Formato: | Libro |
| Publicado: |
Buenos Aires :
Plus Ultra,
1977
|
| Edición: | 3a. ed. |
| Materias: | |
| Etiquetas: |
Agregar Etiqueta
Sin Etiquetas, Sea el primero en etiquetar este registro!
|
| LEADER | 02010nam a22002175a 4500 | ||
|---|---|---|---|
| 001 | CEM.cems004222 | ||
| 005 | 20100915085336.0 | ||
| 008 | 130507s1977##################000#0#####d | ||
| 003 | CEMS | ||
| 082 | 0 | 4 | |a A868.4 |
| 100 | 1 | |a Mastrángelo, Carlos | |
| 245 | 1 | 0 | |a 25 cuentos argentinos magistrales (historia y evolución comentada del cuento argentino) / |c Carlos Mastrangelo |
| 250 | |a 3a. ed. | ||
| 260 | |a Buenos Aires : |b Plus Ultra, |c 1977 | ||
| 300 | |a 339 p. | ||
| 505 | 0 | |a Bases para una teoría del cuento -- El Matadero : contoversia superada El Matadero no es un cuento / Esteban Echeverría -- A la deriva / Horacio Quiroga -- Forma es estructura de un cuento perfecto -- El cuento argentino nuevo -- Ubicación de Julio Cortázar en la cuentística argentina -- Escenas criollas / José María Cantilo -- Macachines / José Sixto Alvares [Fray Mocho] -- La selva de los reptiles / Joaquín V. González -- Poncho de verano / Roberto J. Payró -- La libertad del negro / Juan Draghi Lucero -- El secreto del opa / Juan Carlos Dávalos -- El candelabro de plata / Alberto Gerchunoff -- El número cuatro / Guillermo Estrella -- Cuento de hadas / Leónidas Barletta -- El pecado mortal / Silvina Ocampo -- El reglazo / Alvaro Yunque [Arístides Gandolfi Herrero] -- Media docena de pasos / Bernardo Verbitsky -- Patrón / Abelardo Castillo -- El delantal / Angel María Vargas -- Noche de reyes / Luis Gudiño Kramer -- El calamar opta por su tinta / Adolfo Bioy Casares -- Las razones del capitanejo / Ricado Juan -- Los novios / Haroldo Conti -- El sur / Luis Borges -- Treinta treinta / Damiro A. Sáenz -- Crónica / Héctor Lastra -- Los murciélagos / Alberto Rodríguez Muñoz -- Un bombo que suena lejos / Humberto Costantini -- El teléfono / Augusto Mario Delfino -- Continuidad de los parques / Julio Cortázar | |
| 653 | |a Literatura | ||
| 653 | |a Literatura argentina-siglo 20 | ||
| 653 | |a Cuentos | ||
| 653 | |a Cuento argentino | ||
| 859 | |a CEMS |b BIB. CEMS - 11 de abril |h A868.4 |i M395a3 |p 6632.78 |t Ej.1 | ||
